00496 2200181 4500245008300000020001800083250000900101100002500110700002000135700002100155650001600176005001900192260004600211041001400257084000800271300002600279336000900305 aThe Lodger b : Teror Brutal 'Si Penuntut Balas'cMarie Belloc LowndeshText a979-083-076-9 a2013 aMarie Belloc Lowndes aNadia Andryanti aAndiek Kurniawan aNovel Fiksi a20240904124056 aJakarta SelatanbPT. Tangga Pustakac2013 aIndonesia a823 avi + 414 hlm :c21 cm atext